000 01302nam a2200433 c 4500
001 24519
003 ES-MaCES
005 20240103102720.0
008 120615s2012 sp t 000 | spa d
017 _aM 12893-2012
_bDL
020 _a9788498901986
035 _aCES20120004330m
040 _aES-MaCES
_bspa
_cES-MaCES
100 1 _aEmbid Irujo, Antonio
_911263
245 1 3 _aLa constitucionalización de la crisis económica
_cAntonio Embid Irujo
250 _a1ª ed
260 _aMadrid
_bIustel
_c2012
300 _a151 p.
_c22 cm
490 1 _aMonografías
504 _aBibliografía: p. 145-151
541 _cCompra
650 4 _acrisis económica
_927102
650 4 _aconstitución
_927193
650 4 _apolítica presupuestaria
_930829
650 4 _amecanismo de control
_929918
650 4 _aderecho constitucional
_927158
650 4 _areforma legislativa
_929892
650 4 _aderecho comparado
_929868
650 4 _aEspaña
_926964
650 4 _aAlemania
_926944
650 4 _aderecho comunitario
_929866
650 4 _arégimen jurídico
_929894
650 4 _926752
_aUE
653 1 0 _aDerecho constitucional
830 0 _aMonografías (Iustel)
_934295
902 _aLIB Libro
942 _2CES
_cBK
_h6.0.3.
999 _c24519
_d24519